|
|
|
|
| LEADER |
00000nab a2200000 a 4500 |
| 001 |
vtls000085986 |
| 003 |
SK-MaSNL |
| 005 |
20260304071948.0 |
| 008 |
250423c1981 xo 0 slo |
| 015 |
|
|
|a SNBRB19rr/mm-uuuuu
|
| 035 |
|
|
|a CL0096089
|
| 035 |
|
|
|a urn:nbn:sk:snk-abb9ww
|
| 035 |
|
|
|a (urnnbn)urn:nbn:sk:snk:ar-00492d
|
| 035 |
|
|
|a (uuid)3c74fddb-0789-4c86-b1fe-2ab81590b85e
|
| 040 |
|
|
|a SNKBUCL
|b slo
|c SNKBUCL
|e AACR2
|
| 041 |
0 |
|
|a slo
|
| 044 |
|
|
|a xo
|c SK
|
| 080 |
|
|
|a 82:929:860 (729.1)
|2 1981
|
| 080 |
|
|
|a 860 (729.1)
|2 1981
|
| 080 |
|
|
|a 929 Carpentier, Alejo
|2 1981
|
| 100 |
1 |
|
|a V.D.
|4 aut
|9 400037
|
| 245 |
1 |
0 |
|a Alejo Carpentier. 26.12.1904-25.4.1980
|c V.D.
|
| 300 |
|
|
|b Fot. 2.
|
| 500 |
|
|
|a Autorstvo článku pripisujeme Viere Dubcovej hypoteticky.
|
| 600 |
1 |
7 |
|a Carpentier, Alejo,
|d 1904-1980
|2 snkbucl
|9 120240
|
| 655 |
|
7 |
|a články z novín a časopisov
|2 snkbucl
|9 267496
|
| 655 |
|
7 |
|a články z odboru literárna veda a krásna literatúra
|2 snkbucl
|9 770045
|
| 773 |
0 |
|
|t Revue svetovej literatúry
|g Roč. 17, č. 3 (1981), s. 152-153
|
| 850 |
|
|
|a Slovenská národná knižnica
|
| 852 |
|
|
|a Slovenská národná knižnica
|
| 958 |
|
|
|a article15
|
| 958 |
|
|
|a RK
|
| 958 |
|
|
|a LX
|
| 958 |
|
|
|a CU
|
| 958 |
|
|
|a OND
|
| 958 |
|
|
|a EUIPO
|
| 999 |
|
|
|c 2763610
|d 2765540
|